01365cam a2200337 i 450000100090000000300070000900500170001600800410003301000170007402000430009102000400013403500200017404000370019404200080023105000230023910000330026224503050029525000200060026000120062026400460063230000590067833600260073733700280076333800270079150400510081865000420086965000450091165000230095665000240097965500240100319063842US-DLC20180522141647.0160421t20172017moua b 001 0 eng  a 2016019032 a9780323414159 (hardcover : alk. paper) z032341415X (hardcover : alk. paper) a(DNLM)101681591 aDNLM/DLCcDLCerdadDLCdAUbeng apcc00aRC925.5b.W35 20171 aWaldman, Steven D.,eauthor.10aAtlas of pain management injection techniques /cSteven D. Waldman, MD, JD, Associate Dean, International Programs, Chair and Professor, Department of Medical Humanities and Bioethics, Clinical Professor of Anesthesiology, University of Missouri-Kansas City School of Medicine, Kansas City, Missouri. aFourth edition. c©2017. 1aSt. Louis, Missouri :bElsevier,c©2017. axiii, 695 pages :billustrations (some color) ;c29 cm atext2rdacontentbtxt aunmediated2rdamediabn avolume2rdacarrierbnc aIncludes bibliographical references and index. 0aInjections, Intra-articularvAtlases. 0aJointsxDiseasesxChemotherapyvAtlases.12aPainxdrug therapy22aInjectionsxmethods 0aPrint books.2local